|
|
|
|
| LEADER |
00000nab a2200000 a 4500 |
| 001 |
vtls000108803 |
| 003 |
SK-MaSNL |
| 005 |
20260304061531.0 |
| 008 |
250422c1982 xo 0 slo |
| 015 |
|
|
|a SNBRB19rr/mm-uuuuu
|
| 035 |
|
|
|a CL0118906
|
| 035 |
|
|
|a urn:nbn:sk:snk-ab2w9
|
| 035 |
|
|
|a (urnnbn)urn:nbn:sk:snk:ar-0054pw
|
| 035 |
|
|
|a (uuid)a77b87d2-ab13-446d-aa89-82172228c7c7
|
| 040 |
|
|
|a SNKBUCL
|b slo
|c SNKBUCL
|e AACR2
|
| 041 |
0 |
|
|a slo
|
| 044 |
|
|
|a xo
|c SK
|
| 080 |
|
|
|a 904:728.8
|x (437.6)
|2 1981
|
| 080 |
|
|
|a 728.8
|x (437.6)
|2 1981
|
| 100 |
1 |
|
|a Vallašek, Adrian,
|d 1934-2007
|4 aut
|9 99389
|
| 245 |
1 |
0 |
|a Dávna minulosť Spišského hradu
|c Adrian Vallašek, Ladislav Čisárik
|
| 300 |
|
|
|b Obr. 4.
|
| 610 |
2 |
7 |
|a Spišský hrad (Žehra, Slovensko)
|2 snkbucl
|9 55722
|
| 650 |
0 |
7 |
|a hrady
|2 snkbucl
|9 3039
|
| 651 |
|
7 |
|a Žehra (Slovensko)
|2 snkbucl
|9 51867
|
| 700 |
1 |
|
|a Čisárik, Ladislav
|4 aut
|9 376184
|
| 773 |
0 |
|
|t Výtvarný život
|g Roč. 27, č. 2 (1982), s. 4-6
|
| 850 |
|
|
|a Slovenská národná knižnica
|
| 852 |
|
|
|a Slovenská národná knižnica
|
| 954 |
|
|
|a odborná, vedecká literatúra pôvodná (slovenská)
|2 lita
|
| 958 |
|
|
|a article2022
|
| 958 |
|
|
|a OND
|
| 958 |
|
|
|a EUIPO
|
| 999 |
|
|
|c 2733539
|d 2735469
|